[Event "TCh-CZE Div1 Zapad 2012-13"]
[Site "Czech Republic CZE"]
[Date "2012.11.11"]
[Round "2.6"]
[White "Richtrova,E"]
[Black "Fiala,Jar"]
[Result "1-0"]
[WhiteTitle "WGM"]
[WhiteElo "2216"]
[BlackElo "2207"]
[WhiteTeam "QCC Ceske Budejovice"]
[BlackTeam "SK AD Jicin"]
[WhiteFideId "300683"]
[BlackFideId "309893"]
[EventDate "2012.10.28"]

1. e4 g6 2. d4 Bg7 3. Be3 d6 4. Nc3 a6 5. Qd2 b5 6. a4 b4 7. Na2 a5 8. f3 Nf6 9.
Nc1 Nbd7 10. Nge2 c6 11. Bh6 O-O 12. h4 e5 13. h5 d5 14. hxg6 fxg6 15. Bxg7 Kxg7
16. Qh6+ Kg8 17. exd5 cxd5 18. Nd3 Qe7 19. O-O-O b3 20. cxb3 e4 21. Ndf4 exf3
22. Nc3 Nb6 23. gxf3 Qe3+ 24. Rd2 Nh5 25. Ncxd5 Nxd5 26. Bc4 Be6 27. Rxh5 gxh5
28. Qxe6+ Qxe6 29. Nxe6 Rfc8 30. Rg2+ Kh8 31. Kd2 Nb6 32. Kd3 Nxc4 33. bxc4 Rg8
34. Rh2 Rab8 35. c5 Rg3 36. Ke4 Kg8 37. c6 Kf7 38. c7 Rc8 39. d5 Rg1 40. Rxh5
Ke7 41. Nd4 Re1+ 42. Kd3 Rd1+ 43. Ke3 Kf6 44. Rh6+ Kg5 45. Rxh7 Kg6 46. Rd7 1-0

[Event "TCh-CZE Div1 Zapad 2012-13"]
[Site "Czech Republic CZE"]
[Date "2012.11.11"]
[Round "2.7"]
[White "Novotny,Jar1"]
[Black "Bostl,F"]
[Result "0-1"]
[WhiteElo "2165"]
[BlackElo "2209"]
[WhiteTeam "SK AD Jicin"]
[BlackTeam "QCC Ceske Budejovice"]
[WhiteFideId "303321"]
[BlackFideId "314579"]
[EventDate "2012.10.28"]

1. d4 Nf6 2. c4 g6 3. g3 c6 4. Nf3 Bg7 5. Bg2 O-O 6. O-O d5 7. Qb3 b6 8. Nc3 Ba6
9. cxd5 Nxd5 10. Re1 Nc7 11. Bf4 Ne6 12. Rad1 Nxf4 13. gxf4 Nd7 14. e3 Bb7 15.
Ne5 Qc7 16. Qa4 Bxe5 17. fxe5 c5 18. Nd5 Bxd5 19. Bxd5 Rad8 20. Bg2 e6 21. f4
cxd4 22. exd4 Rc8 23. Rc1 Qxc1 24. Rxc1 Rxc1+ 25. Kf2 Rc7 26. Ke3 Rd8 27. h4 h5
28. Be4 Nf8 29. Qb4 Rcd7 30. Bc6 Rc7 31. Be4 Rc1 32. a4 Rd1 33. Qc3 Kg7 34. b4
R1xd4 35. Qxd4 Rxd4 36. Kxd4 f6 37. a5 Nd7 38. Bc6 fxe5+ 39. fxe5 Nb8 40. Be8
Na6 41. Kc4 Nc7 42. Bc6 g5 43. hxg5 Kg6 44. Kd4 Kxg5 0-1

[Event "TCh-CZE Div1 Zapad 2012-13"]
[Site "Czech Republic CZE"]
[Date "2012.11.11"]
[Round "2.8"]
[White "Nidl,P"]
[Black "Urban,Z"]
[Result "1-0"]
[BlackTitle "CM"]
[WhiteElo "2205"]
[BlackElo "2152"]
[WhiteTeam "QCC Ceske Budejovice"]
[BlackTeam "SK AD Jicin"]
[WhiteFideId "308161"]
[BlackFideId "312754"]
[EventDate "2012.10.28"]

1. Nf3 c5 2. g3 Nf6 3. Bg2 d5 4. O-O g6 5. d4 cxd4 6. Nxd4 Bg7 7. c3 O-O 8. Qb3
Nc6 9. Rd1 e5 10. Nxc6 bxc6 11. e4 Bg4 12. Rd3 Rb8 13. Qc2 Qb6 14. Nd2 Rfd8 15.
h3 Be6 16. Re3 dxe4 17. Nxe4 Nxe4 18. Qxe4 Rd1+ 19. Re1 Rbd8 20. Qe2 Rxe1+ 21.
Qxe1 f5 22. Qe2 Qb5 23. Qxb5 cxb5 24. Be3 e4 25. a4 a6 26. Bf1 Rb8 27. axb5 axb5
28. Ra6 Kf7 29. Ra7+ Kg8 30. Bf4 Rd8 31. Bxb5 Rd1+ 32. Kg2 e3 33. Bxe3 Bd5+ 34.
f3 Rb1 35. c4 Rxb2+ 36. Kf1 Bxf3 37. Rxg7+ Kxg7 38. Bd4+ Kf7 39. Bxb2 Ke6 40.
Kf2 Bb7 41. h4 1-0

[Event "TCh-CZE Div1 Zapad 2012-13"]
[Site "Czech Republic CZE"]
[Date "2012.11.25"]
[Round "3.1"]
[White "Vokac,M"]
[Black "Docekal,J"]
[Result "1-0"]
[WhiteTitle "GM"]
[WhiteElo "2471"]
[BlackElo "2321"]
[WhiteTeam "QCC Ceske Budejovice"]
[BlackTeam "SK Sokol Vysehrad"]
[WhiteFideId "300101"]
[BlackFideId "320625"]
[EventDate "2012.10.28"]

1. e4 c5 2. Nf3 d6 3. d4 cxd4 4. Nxd4 Nf6 5. Nc3 g6 6. g3 Bg7 7. Bg2 O-O 8. O-O
a6 9. h3 Qc7 10. Be3 Nc6 11. Nde2 b5 12. Nd5 Nxd5 13. exd5 Ne5 14. Bd4 Bf5 15.
c3 Qc4 16. b3 Qd3 17. f4 Nd7 18. Qe1 b4 19. Rd1 Bxd4+ 20. Nxd4 Qxc3 21. g4 Qc5
22. gxf5 Nf6 23. fxg6 hxg6 24. f5 Nd7 25. fxg6 Ne5 26. gxf7+ Rxf7 27. Rxf7 Kxf7
28. Qf2+ Ke8 29. Nc6 Qxf2+ 30. Kxf2 Kd7 31. Nxe5+ dxe5 32. Rc1 a5 33. Rc4 Rf8+
34. Bf3 e6 35. dxe6+ Kxe6 36. h4 Rd8 37. Ke3 Rd6 38. Rc6 1-0

[Event "TCh-CZE Div1 Zapad 2012-13"]
[Site "Czech Republic CZE"]
[Date "2012.11.25"]
[Round "3.2"]
[White "Chloupek,S"]
[Black "Lechtynsky,J"]
[Result "1/2-1/2"]
[BlackTitle "GM"]
[WhiteElo "2325"]
[BlackElo "2385"]
[WhiteTeam "SK Sokol Vysehrad"]
[BlackTeam "QCC Ceske Budejovice"]
[WhiteFideId "303518"]
[BlackFideId "300217"]
[EventDate "2012.10.28"]

1. d4 Nf6 2. Nf3 d5 3. Bg5 c6 4. Nbd2 Bf5 5. e3 Nbd7 6. Be2 h6 7. Bh4 e6 8. O-O
Be7 9. c4 Ne4 10. Bxe7 Qxe7 11. Rc1 O-O 12. Qb3 Rab8 1/2-1/2

[Event "TCh-CZE Div1 Zapad 2012-13"]
[Site "Czech Republic CZE"]
[Date "2012.11.25"]
[Round "3.3"]
[White "Tupy,M"]
[Black "Jacek,Ma"]
[Result "1-0"]
[WhiteElo "2279"]
[BlackElo "2226"]
[WhiteTeam "QCC Ceske Budejovice"]
[BlackTeam "SK Sokol Vysehrad"]
[WhiteFideId "306878"]
[BlackFideId "305812"]
[EventDate "2012.10.28"]

1. d4 Nf6 2. c4 g6 3. Nc3 Bg7 4. e4 d6 5. h3 O-O 6. Bg5 h6 7. Be3 e5 8. d5 Nbd7
9. Bd3 Nc5 10. Bc2 a5 11. Qd2 Kh7 12. g4 Bd7 13. Nge2 a4 14. Ng3 a3 15. b4 Na4
16. Nxa4 Bxa4 17. Bd3 Bd7 18. Rb1 Ng8 19. O-O Qh4 20. Kg2 Ne7 21. f4 exf4 22.
Rxf4 Be5 23. Rf3 Ng8 24. Rbf1 Kg7 25. Qf2 Qe7 26. Bb1 Ra4 27. Bd2 b5 28. Bc2
bxc4 29. Bxa4 Bxa4 30. Rxa3 Bc2 31. Bxh6+ Nxh6 32. Qxc2 Rb8 33. Qxc4 Qh4 34.
Raf3 Qg5 35. R1f2 Qe7 36. a4 1-0

[Event "TCh-CZE Div1 Zapad 2012-13"]
[Site "Czech Republic CZE"]
[Date "2012.11.25"]
[Round "3.4"]
[White "Vanek,P"]
[Black "Vybiral,Z"]
[Result "1/2-1/2"]
[WhiteElo "2219"]
[BlackElo "2193"]
[WhiteTeam "SK Sokol Vysehrad"]
[BlackTeam "QCC Ceske Budejovice"]
[WhiteFideId "305324"]
[BlackFideId "305200"]
[EventDate "2012.10.28"]

1. e4 e6 2. d4 d5 3. Nc3 Bb4 4. e5 c5 5. Bd2 Nh6 6. a3 Bxc3 7. Bxc3 cxd4 8. Bxd4
Nc6 9. Nf3 Nf5 10. c3 Ncxd4 11. Nxd4 Nxd4 12. Qxd4 Qb6 13. O-O-O Bd7 14. Qxb6
axb6 15. Rd4 Ra4 16. Be2 Ke7 17. Rhd1 Rha8 18. Rxa4 Rxa4 19. Rd4 f6 20. Rxa4 1/2-1/2

[Event "TCh-CZE Div1 Zapad 2012-13"]
[Site "Czech Republic CZE"]
[Date "2012.11.25"]
[Round "3.5"]
[White "Cuhra,M"]
[Black "Vodicka,Vlas"]
[Result "1-0"]
[WhiteElo "2236"]
[BlackElo "2124"]
[WhiteTeam "QCC Ceske Budejovice"]
[BlackTeam "SK Sokol Vysehrad"]
[WhiteFideId "327735"]
[BlackFideId "309842"]
[EventDate "2012.10.28"]

1. e4 c5 2. Nf3 d6 3. d4 cxd4 4. Nxd4 Nf6 5. Nc3 Nc6 6. Bc4 e6 7. Bb3 Be7 8. Be3
a6 9. g4 Nxd4 10. Bxd4 e5 11. Be3 Nxg4 12. Qf3 O-O 13. Bd2 Bh4 14. Nd1 Be6 15.
Rg1 Nf6 16. Ne3 Kh8 17. O-O-O Rc8 18. Nf5 Bxf5 19. Qxf5 Qd7 20. Qf3 Qc6 21. Qg2
Ne8 22. Be3 b5 23. Rd3 a5 24. Qg4 b4 25. Qxh4 a4 26. Qe7 Rg8 27. Qxf7 axb3 28.
Qxb3 Qxe4 29. Bd2 Rc4 30. Re1 Qc6 31. Bxb4 Rf4 32. f3 Rgf8 33. Red1 h6 34. Bxd6
R8f5 35. Rc3 Qd7 36. Bxe5 1-0

[Event "TCh-CZE Div1 Zapad 2012-13"]
[Site "Czech Republic CZE"]
[Date "2012.11.25"]
[Round "3.1"]
[White "Simek,P2"]
[Black "Spirin,O"]
[Result "1/2-1/2"]
[WhiteTitle "FM"]
[BlackTitle "IM"]
[WhiteElo "2347"]
[BlackElo "2472"]
[WhiteTeam "TJ Sokol Praha - Kobylisy"]
[BlackTeam "SK AD Jicin"]
[WhiteFideId "319260"]
[BlackFideId "4134494"]
[EventDate "2012.10.28"]

1. e4 c6 2. d4 d5 3. Nc3 dxe4 4. Nxe4 Bf5 5. Ng3 Bg6 6. N1e2 Nd7 7. Nf4 e5 8.
Nxg6 hxg6 9. dxe5 Qa5+ 10. Bd2 Qxe5+ 11. Qe2 O-O-O 1/2-1/2

[Event "TCh-CZE Div1 Zapad 2012-13"]
[Site "Czech Republic CZE"]
[Date "2012.11.25"]
[Round "3.2"]
[White "Voloshin,L"]
[Black "Kopta,P"]
[Result "1-0"]
[WhiteTitle "GM"]
[WhiteElo "2426"]
[BlackElo "2303"]
[WhiteTeam "SK AD Jicin"]
[BlackTeam "TJ Sokol Praha - Kobylisy"]
[WhiteFideId "311111"]
[BlackFideId "309109"]
[EventDate "2012.10.28"]

1. d4 Nf6 2. Nf3 c5 3. e3 e6 4. c4 b6 5. Nc3 Bb7 6. d5 d6 7. e4 e5 8. h3 Be7 9.
Be2 Nbd7 10. Be3 O-O 11. g4 a6 12. a4 Ne8 13. h4 Nc7 14. g5 b5 15. cxb5 axb5 16.
axb5 f5 17. gxf6 Nxf6 18. Nd2 Kh8 19. h5 h6 20. Rg1 Nh7 21. Nc4 Bg5 22. Rxa8
Bxa8 23. Qa4 Qf6 24. Kd2 Bxd5 25. exd5 e4 26. Kc2 Ra8 27. Qb3 Bxe3 28. fxe3 Qf2
29. Rf1 Qg2 30. Rd1 Nf6 31. Rd2 Ncxd5 32. Nxd5 Nxd5 33. Rxd5 Qxe2+ 34. Rd2 Qxh5
35. Nxd6 Ra1 36. Qe6 1-0

[Event "TCh-CZE Div1 Zapad 2012-13"]
[Site "Czech Republic CZE"]
[Date "2012.11.25"]
[Round "3.3"]
[White "Folk,P"]
[Black "Jurek,J"]
[Result "1/2-1/2"]
[BlackTitle "IM"]
[WhiteElo "2228"]
[BlackElo "2318"]
[WhiteTeam "TJ Sokol Praha - Kobylisy"]
[BlackTeam "SK AD Jicin"]
[WhiteFideId "302996"]
[BlackFideId "300993"]
[EventDate "2012.10.28"]

1. e4 e6 2. d4 d5 3. Nd2 c5 4. exd5 Qxd5 5. Ngf3 cxd4 6. Bc4 Qd6 7. O-O Nf6 8.
Nb3 Nc6 9. Nbxd4 Nxd4 10. Nxd4 a6 11. Bb3 Bd7 12. c3 Qc7 13. Qf3 Bd6 14. Kh1
O-O-O 15. Bg5 Be5 16. Rfe1 h5 17. Rad1 Rde8 18. Bh4 Bxh2 19. Bxf6 gxf6 20. Qxf6
Qf4 21. Qxf4 Bxf4 22. Bc2 Rhg8 23. Be4 Rd8 24. Bf3 Rg5 25. c4 Bc7 26. b4 Ba4 1/2-1/2

[Event "TCh-CZE Div1 Zapad 2012-13"]
[Site "Czech Republic CZE"]
[Date "2012.11.25"]
[Round "3.4"]
[White "Fajman,P"]
[Black "Dvorak,J"]
[Result "1/2-1/2"]
[WhiteElo "2288"]
[BlackElo "2203"]
[WhiteTeam "SK AD Jicin"]
[BlackTeam "TJ Sokol Praha - Kobylisy"]
[WhiteFideId "309826"]
[BlackFideId "314870"]
[EventDate "2012.10.28"]

1. d4 e6 2. c4 d5 3. Nf3 c5 4. e3 Nc6 5. Nc3 Nf6 6. cxd5 exd5 7. Be2 cxd4 8.
Nxd4 Bd6 9. O-O O-O 10. Nxc6 bxc6 11. Qc2 Qe7 12. Qa4 Bd7 13. Qh4 Rab8 14. a3 c5
15. Bf3 Bc6 16. g3 Rfd8 17. Rd1 Be5 18. Bg2 Rb3 19. Ra2 Qb7 20. Ne4 Qb6 21. Nd2
Bxb2 22. Rxb2 Rxb2 23. Bxb2 Qxb2 24. Ne4 c4 25. Bf1 Re8 26. Nxf6+ Qxf6 27. Bg2
Qxh4 28. gxh4 Rd8 29. Kf1 Kf8 30. Ke2 Ke7 31. Kd2 Kd6 32. Kc3 Kc5 33. Rb1 Bb5
34. Bf3 Rd6 35. Bd1 Rg6 36. a4 Bc6 37. Rb8 Rg2 38. f3 Rxh2 39. Rf8 f6 40. Rf7 g5
41. hxg5 fxg5 42. Rxa7 h5 43. Rg7 h4 44. Rxg5 h3 45. Rh5 Rh1 46. Bc2 h2 47. e4
Bxa4 48. Rxd5+ Kb6 49. Rd2 1/2-1/2

[Event "TCh-CZE Div1 Zapad 2012-13"]
[Site "Czech Republic CZE"]
[Date "2012.11.25"]
[Round "3.5"]
[White "Paulovic,Ma"]
[Black "Fiala,Jar"]
[Result "1/2-1/2"]
[WhiteElo "2138"]
[BlackElo "2207"]
[WhiteTeam "TJ Sokol Praha - Kobylisy"]
[BlackTeam "SK AD Jicin"]
[WhiteFideId "306258"]
[BlackFideId "309893"]
[EventDate "2012.10.28"]

1. e4 g6 2. d4 Bg7 3. f4 c6 4. Nf3 d5 5. e5 Bg4 6. Nc3 h5 7. h3 Bxf3 8. Qxf3 e6
9. Be3 h4 10. O-O-O Nh6 11. Kb1 Nd7 12. Bf2 Bf8 13. Na4 Be7 14. Nc5 Nxc5 15.
dxc5 Qa5 16. a3 Nf5 17. b4 Qc7 18. c4 O-O 19. cxd5 cxd5 20. Bd3 b6 21. Rc1 bxc5
22. Bxc5 Bxc5 23. Rxc5 Qb6 24. Bxf5 gxf5 25. Rhc1 a5 26. b5 a4 27. Qh5 d4 28. g3
Qb7 29. gxh4 Qe4+ 30. R5c2 Rfc8 31. Rg1+ Kf8 32. Qh8+ Ke7 33. Qf6+ Kf8 34. Qh8+ 1/2-1/2

[Event "TCh-CZE Div1 Zapad 2012-13"]
[Site "Czech Republic CZE"]
[Date "2012.11.25"]
[Round "3.6"]
[White "Novotny,Jar1"]
[Black "Janda,J"]
[Result "1/2-1/2"]
[WhiteElo "2165"]
[BlackElo "2192"]
[WhiteTeam "SK AD Jicin"]
[BlackTeam "TJ Sokol Praha - Kobylisy"]
[WhiteFideId "303321"]
[BlackFideId "319678"]
[EventDate "2012.10.28"]

1. d4 Nf6 2. c4 c5 3. d5 e5 4. Nc3 d6 5. g3 g6 6. Bg2 Bg7 7. Nf3 O-O 8. O-O Nbd7
9. Bd2 h6 10. Nh4 Ne8 11. Qc2 Kh7 12. e4 Bf6 13. Nf3 Bg7 14. Bh3 Nb6 15. Bxc8
Qxc8 16. b3 Qh3 17. Nh4 Nf6 18. f3 Nh5 19. Rae1 Nc8 20. Be3 Ne7 21. Nd1 Qd7 22.
Qe2 g5 23. Ng2 f5 24. Bd2 Nf6 25. Nc3 Rf7 26. exf5 Nxf5 27. Ne3 Nd4 28. Qd3+ Kh8
29. Kg2 1/2-1/2

[Event "TCh-CZE Div1 Zapad 2012-13"]
[Site "Czech Republic CZE"]
[Date "2012.11.25"]
[Round "3.7"]
[White "Chmel,K"]
[Black "Urban,Z"]
[Result "0-1"]
[BlackTitle "CM"]
[WhiteElo "2064"]
[BlackElo "2152"]
[WhiteTeam "TJ Sokol Praha - Kobylisy"]
[BlackTeam "SK AD Jicin"]
[WhiteFideId "344281"]
[BlackFideId "312754"]
[EventDate "2012.10.28"]

1. d4 d6 2. c4 Nf6 3. Nc3 c6 4. Nf3 Nbd7 5. g3 e5 6. dxe5 dxe5 7. Bg2 Qc7 8. O-O
a5 9. Qc2 Nc5 10. Bg5 Be7 11. Rad1 O-O 12. h3 Re8 13. Be3 g6 14. b3 Bf5 15. Qb2
Bf8 16. Rc1 a4 17. Bxc5 a3 18. Qd2 Bxc5 19. g4 Rad8 20. Qh6 Be4 21. Qh4 Bxf3 22.
Bxf3 e4 23. Bg2 Qe5 24. g5 Bd6 25. Rfd1 Nh5 26. Nxe4 Qh2+ 27. Kf1 Bf4 28. e3
Rxd1+ 29. Rxd1 Rxe4 30. Bxe4 Bg3 31. fxg3 Nxg3+ 32. Qxg3 Qxg3 33. Re1 Qxh3+ 34.
Bg2 Qf5+ 35. Kg1 Qxg5 36. Re2 h5 37. Kf2 h4 0-1

[Event "TCh-CZE Div1 Zapad 2012-13"]
[Site "Czech Republic CZE"]
[Date "2012.11.25"]
[Round "3.1"]
[White "Sodoma,J"]
[Black "Navara,D"]
[Result "0-1"]
[WhiteTitle "IM"]
[BlackTitle "GM"]
[WhiteElo "2380"]
[BlackElo "2722"]
[WhiteTeam "Sokol Praha - Vrsovice"]
[BlackTeam "1. Novoborsky SK B"]
[WhiteFideId "323195"]
[BlackFideId "309095"]
[EventDate "2012.10.28"]

1. d4 Nf6 2. c4 g6 3. Nc3 d5 4. Qb3 dxc4 5. Qxc4 Bg7 6. e4 O-O 7. Be2 Nfd7 8.
Be3 Nb6 9. Qc5 f5 10. Nh3 fxe4 11. Ng5 Rf5 12. Qb4 e6 13. Ncxe4 Nd5 14. Qb3 Nxe3
15. Qxe3 Bxd4 16. Rd1 Nc6 17. Qg3 Qe7 18. O-O Bxb2 19. Bg4 Re5 20. Rd2 Bd4 21.
Rfd1 Rd5 22. h4 Be5 23. f4 Rxd2 24. Rxd2 Bg7 25. h5 h6 26. Nh3 gxh5 27. Bd1 e5
28. fxe5 Qxe5 29. Bb3+ Kh8 30. Nf4 Bf5 31. Ng6+ Bxg6 32. Qxg6 Rf8 33. Rd5 Qf4
34. Rxh5 Ne5 35. Qe6 Ng4 0-1

[Event "TCh-CZE Div1 Zapad 2012-13"]
[Site "Czech Republic CZE"]
[Date "2012.11.25"]
[Round "3.2"]
[White "Kulhanek,T"]
[Black "Svatos,J"]
[Result "1/2-1/2"]
[WhiteTitle "IM"]
[WhiteElo "2387"]
[BlackElo "2284"]
[WhiteTeam "1. Novoborsky SK B"]
[BlackTeam "Sokol Praha - Vrsovice"]
[WhiteFideId "309656"]
[BlackFideId "304174"]
[EventDate "2012.10.28"]

1. e4 c6 2. d4 d5 3. exd5 cxd5 4. c4 Nf6 5. Nc3 Nc6 6. Nf3 Bg4 7. cxd5 Nxd5 8.
Qb3 Bxf3 9. gxf3 e6 10. Qxb7 Nxd4 11. Bb5+ Nxb5 12. Qc6+ Ke7 13. Qxb5 Qd7 14.
Bg5+ f6 15. Nxd5+ Qxd5 16. Qxd5 exd5 17. Be3 Ke6 18. O-O Bd6 19. Rfe1 Kf7 20.
Red1 Rhd8 21. Rac1 Be5 22. Bd4 Bxd4 23. Rxd4 Rd7 24. Rc5 Ke6 25. Ra5 Rc8 26. Kg2
Rc2 27. b3 g5 28. f4 gxf4 29. Kf3 f5 30. Rxf4 Ke5 31. Rc4 Rxa2 32. Rxa2 dxc4 33.
bxc4 Rc7 34. Ra4 Kd4 35. Kf4 Rf7 36. h4 Kc3 37. c5 Kb3 38. Ra1 Kc4 39. Ke5 Kxc5
40. Ke6 Rb7 41. Kxf5 Rf7+ 42. Ke6 Rxf2 43. Rxa7 Re2+ 44. Kf6 Kd6 45. Rxh7 Rf2+
46. Kg7 Ke6 47. Rh6+ Ke7 48. Rg6 Rf7+ 49. Kh6 Rf6 50. h5 Kf7 51. Rxf6+ Kxf6 52.
Kh7 Kf7 53. h6 Kf8 54. Kg6 Kg8 55. h7+ Kh8 56. Kh6 1/2-1/2

[Event "TCh-CZE Div1 Zapad 2012-13"]
[Site "Czech Republic CZE"]
[Date "2012.11.25"]
[Round "3.3"]
[White "Matras,On"]
[Black "Kochetkova,J"]
[Result "0-1"]
[WhiteTitle "FM"]
[BlackTitle "WGM"]
[WhiteElo "2260"]
[BlackElo "2304"]
[WhiteTeam "Sokol Praha - Vrsovice"]
[BlackTeam "1. Novoborsky SK B"]
[WhiteFideId "309125"]
[BlackFideId "4139690"]
[EventDate "2012.10.28"]

1. d4 d5 2. c4 e6 3. Nc3 Nf6 4. Nf3 dxc4 5. Bg5 Bb4 6. e3 O-O 7. Bxc4 c5 8. O-O
cxd4 9. Nxd4 h6 10. Bh4 Be7 11. Rc1 a6 12. a4 Bd7 13. Qe2 Nc6 14. Rfd1 Qb6 15.
Ba2 Rad8 16. Bb1 Rfe8 17. h3 Nxd4 18. Rxd4 Bc6 19. Rcd1 Rxd4 20. Rxd4 Rd8 21.
Rxd8+ Qxd8 22. Qc2 Qa5 23. f3 Kf8 24. Bf2 Bb4 25. Qd3 Bxc3 26. bxc3 Qd5 27. Qc2
Qc4 28. Qd2 Nd5 29. e4 Qxc3 30. Qd1 Nf6 31. Qd6+ Kg8 32. Bd3 Nd7 33. e5 Qa1+ 34.
Bf1 Qxe5 35. Qe7 Qb8 36. Qb4 Qf8 37. Qd4 Qa3 38. Qa7 Qxa4 39. Qa8+ Kh7 40. Bd3+
f5 41. Kh2 Qf4+ 42. Bg3 Qd2 43. Bxa6 Bxf3 44. Bf1 f4 45. Bh4 Bxg2 46. Be1 Qc2
47. Bd3+ Qxd3 48. Kxg2 Qe4+ 0-1

[Event "TCh-CZE Div1 Zapad 2012-13"]
[Site "Czech Republic CZE"]
[Date "2012.11.25"]
[Round "3.4"]
[White "Kucera,P1"]
[Black "Seleljo,D"]
[Result "1-0"]
[WhiteTitle "FM"]
[BlackTitle "FM"]
[WhiteElo "2379"]
[BlackElo "2252"]
[WhiteTeam "1. Novoborsky SK B"]
[BlackTeam "Sokol Praha - Vrsovice"]
[WhiteFideId "300551"]
[BlackFideId "308838"]
[EventDate "2012.10.28"]

1. d4 Nf6 2. c4 g6 3. Nc3 Bg7 4. e4 O-O 5. Be3 d6 6. f3 b6 7. Bd3 Bb7 8. Nge2 c5
9. O-O Nc6 10. d5 Ne5 11. f4 Nfg4 12. Bc1 Nxd3 13. Qxd3 a6 14. h3 Nf6 15. a4 Qc7
16. Bd2 e6 17. Rae1 exd5 18. exd5 Rae8 19. g4 h5 20. g5 Nd7 21. h4 Bc8 22. Ng3
Bd4+ 23. Kg2 Kh8 24. b3 f5 25. Qf3 Kg8 26. Re6 Bxc3 27. Rxg6+ Bg7 28. Nxh5 Re7
29. Nxg7 Rxg7 30. Rxg7+ Kxg7 31. Bc3+ Kg6 32. Re1 Nb8 33. h5+ Kh7 34. g6+ Kh6
35. Qg3 1-0

[Event "TCh-CZE Div1 Zapad 2012-13"]
[Site "Czech Republic CZE"]
[Date "2012.11.25"]
[Round "3.5"]
[White "Liuba,Volodymyr"]
[Black "Vrana,J"]
[Result "0-1"]
[BlackTitle "FM"]
[WhiteElo "2184"]
[BlackElo "2275"]
[WhiteTeam "Sokol Praha - Vrsovice"]
[BlackTeam "1. Novoborsky SK B"]
[WhiteFideId "14100614"]
[BlackFideId "322369"]
[EventDate "2012.10.28"]

1. e4 e5 2. Nf3 Nf6 3. Nxe5 d6 4. Nf3 Nxe4 5. d4 d5 6. Bd3 Nc6 7. O-O Bg4 8. Re1
Be7 9. c4 Nf6 10. Nc3 dxc4 11. Bxc4 O-O 12. d5 Na5 13. Bd3 b6 14. Bf4 Bb4 15.
Bg5 h6 16. Bh4 Bxc3 17. bxc3 Bxf3 18. gxf3 g5 19. Bg3 Nxd5 20. Re5 c6 21. f4 f6
22. Qh5 Qd7 23. Bf5 Qg7 24. Be6+ Kh8 25. fxg5 fxe5 26. gxh6 Qe7 27. Bxe5+ Nf6
28. Qf5 Rae8 29. Re1 Qxe6 30. Bxf6+ Qxf6 31. Qxf6+ Rxf6 32. Rxe8+ Kh7 33. Re7+
Kxh6 34. Rxa7 Rf3 35. Ra6 Nc4 36. Kg2 Rxc3 37. a4 Kg5 38. a5 Ra3 0-1

[Event "TCh-CZE Div1 Zapad 2012-13"]
[Site "Czech Republic CZE"]
[Date "2012.11.25"]
[Round "3.7"]
[White "Kohout,V"]
[Black "Oresky,J"]
[Result "1-0"]
[WhiteElo "2144"]
[BlackElo "2255"]
[WhiteTeam "Sokol Praha - Vrsovice"]
[BlackTeam "1. Novoborsky SK B"]
[WhiteFideId "309818"]
[BlackFideId "328693"]
[EventDate "2012.10.28"]

1. d4 d5 2. Nf3 Nf6 3. Bf4 c6 4. Nbd2 g6 5. e3 Bg7 6. Bd3 Nh5 7. Bg5 h6 8. Bh4
g5 9. Ne5 Bxe5 10. dxe5 Ng7 11. Bg3 Be6 12. h4 g4 13. Qe2 Nd7 14. e4 Nc5 15. O-O
Nxd3 16. cxd3 dxe4 17. dxe4 Qb6 18. Bf4 Nh5 19. Be3 Qc7 20. Rfc1 Rd8 21. g3 Qxe5
22. Rc5 Nxg3 23. Qe1 Ne2+ 24. Qxe2 Qf6 25. h5 Rg8 26. Nf1 g3 27. Nxg3 Qh4 28.
Qf3 Bg4 29. Qf4 Qh3 30. Re5 Be6 31. Bxa7 Rd3 32. Be3 b6 33. a4 f6 34. Rxe6 Qxe6
35. Bxb6 Qb3 36. Be3 Qxb2 37. Rc1 Kf7 38. Kg2 Rd6 39. Qxh6 Qe5 40. Qh7+ Rg7 41.
Qf5 Qxf5 42. exf5 Rg8 43. a5 Rd5 44. Rc5 Ra8 45. Rxd5 cxd5 46. Bb6 e5 47. fxe6+
Kxe6 48. Kf3 Ke5 49. Ke3 f5 50. f4+ Ke6 51. Kd4 Rc8 52. Ne2 Rc4+ 53. Kd3 Ra4 54.
h6 Kf7 55. Nc3 Rxf4 56. a6 Rf1 57. a7 Ra1 58. Nxd5 Kg6 59. Nc7 Rxa7 60. Bxa7
Kxh6 61. Ke3 Kg5 62. Kf3 Kf6 63. Kf4 Ke7 64. Nd5+ Kd6 65. Ne3 Ke6 66. Nxf5 Kd5
67. Be3 Ke6 68. Ke4 Kd7 69. Kd5 Kc7 70. Nd6 Kd7 71. Nb5 Ke7 72. Bg5+ Kd7 73. Bh4
Kc8 74. Kc6 Kb8 75. Bf2 Kc8 76. Ba7 Kd8 77. Bc5 Ke8 78. Kd6 Kf7 79. Ke5 Kg6 80.
Be7 Kf7 81. Bf6 Kg6 82. Nd6 Kh6 83. Kf5 Kh5 84. Ne4 Kh6 85. Bg5+ Kg7 86. Nd6 Kh7
87. Kf6 Kg8 88. Be3 Kh7 89. Kf7 Kh8 90. Nf5 Kh7 91. Ne7 Kh8 92. Ng6+ Kh7 93.
Nf8+ 1-0

[Event "TCh-CZE Div1 Zapad 2012-13"]
[Site "Czech Republic CZE"]
[Date "2012.11.25"]
[Round "3.8"]
[White "Kucera,P3"]
[Black "Erban,T"]
[Result "1-0"]
[WhiteElo "2202"]
[BlackElo "2142"]
[WhiteTeam "1. Novoborsky SK B"]
[BlackTeam "Sokol Praha - Vrsovice"]
[WhiteFideId "333840"]
[BlackFideId "316040"]
[EventDate "2012.10.28"]

1. d4 Nf6 2. Nf3 e6 3. c4 d5 4. Nc3 Be7 5. cxd5 exd5 6. Bg5 c6 7. Qc2 Be6 8. e3
Nbd7 9. Bd3 h6 10. Bh4 O-O 11. O-O Rc8 12. Rab1 Ne8 13. Bg3 Bd6 14. Ne5 Nxe5 15.
dxe5 Be7 16. Ne2 c5 17. Rfd1 Qb6 18. b3 g5 19. Nc3 Ng7 20. Nxd5 Bxd5 21. Bh7+
Kh8 22. Rxd5 h5 23. h3 Qe6 24. Rbd1 h4 25. Bh2 b5 26. Be4 g4 27. Rd6 Bxd6 28.
Rxd6 c4 29. Rxe6 Nxe6 30. Bf4 Nxf4 31. exf4 g3 32. Qd1 Rfd8 33. Qh5+ Kg7 34. f5
Rh8 35. f6+ Kf8 36. Qxh8# 1-0

[Event "TCh-CZE Div1 Zapad 2012-13"]
[Site "Czech Republic CZE"]
[Date "2012.11.25"]
[Round "3.1"]
[White "Meduna,E1"]
[Black "Mazur,Ste"]
[Result "0-1"]
[WhiteTitle "GM"]
[BlackTitle "IM"]
[WhiteElo "2416"]
[BlackElo "2388"]
[WhiteTeam "JOLY Lysa nad Labem B"]
[BlackTeam "SK Holdia DP Praha B"]
[WhiteFideId "300055"]
[BlackFideId "14909332"]
[EventDate "2012.10.28"]

1. d4 Nf6 2. c4 g6 3. Nc3 Bg7 4. e4 d6 5. Be2 O-O 6. Bg5 h6 7. Be3 Nbd7 8. Qd2
c5 9. d5 Kh7 10. h3 b5 11. cxb5 a6 12. Nf3 Qa5 13. bxa6 Bxa6 14. Bxa6 Qxa6 15.
Qe2 Rfb8 16. Qxa6 Rxa6 17. Rb1 Nb6 18. Nd2 Na4 19. O-O Nd7 20. Nxa4 Rxa4 21. b3
Rxa2 22. Rfc1 f5 23. b4 Bb2 24. Rc2 Rxb4 25. exf5 gxf5 26. Nf3 Ra1 27. Rxa1 Bxa1
28. Ra2 Bf6 29. Ra7 Nb6 30. Bxc5 dxc5 31. d6 Kg8 32. dxe7 Kf7 33. g3 c4 0-1